000
00504nam a2200181Ia 4500
008
090124s9999 xx 000 0 und d
082
_b
126840
100
_a
भोगले प्रभाकर
245
_a
असूनी नाथ
250
_a
0
260
_c
1995
300
_a
144
600
_a
भोगले प्रभाकर
630
_a
असूनी नाथ
700
_a
भोगले प्रभाकर
730
_a
असूनी नाथ
942
_c
BOOK
999
_c
172929
_d
172929